000
nam a22 7a 4500
999
_c
328650
_d
328650
003
Nust
005
20170412164233.0
008
170412b xxu||||| |||| 00| 0 eng d
040
_c
dlc
082
_a
333.82220973 COA
245
_a
Coal Research and Development to Support National Energy Policy
942
_2
ddc
_c
BK